[Event "Mestre Cipressina op-B 4th"]
[Site "Mestre"]
[Date "2015.11.29"]
[Round "5"]
[White "Menini, Luca"]
[Black "Cappelletto, Joshuaede"]
[Result "1/2-1/2"]
[WhiteElo "1668"]
[BlackElo "1447"]
[PlyCount "67"]
[EventDate "2015.11.27"]
[EventType "swiss"]
[EventRounds "5"]
[EventCountry "ITA"]
[SourceTitle "EXT 2022"]
[Source "ChessBase"]
[SourceDate "2021.10.06"]
[SourceVersion "1"]
[SourceVersionDate "2021.10.06"]
[SourceQuality "1"]

1. g3 Nf6 2. Bg2 d5 3. Nf3 g6 4. b3 Bg7 5. Bb2 c5 6. 0-0 0-0 7. d3 Nc6 8. Nbd2 Re8 9. Re1 e5 10. e4 d4 11. Qe2 h6 12. h3 Be6 13. Kh2 Qd7 14. Ng1 g5 15. g4 Ne7 16. Ngf3 Nh7 17. Nf1 Nf8 18. Ng3 Neg6 19. Bc1 f6 20. Nf5 Bf7 21. h4 Ne6 22. h5 Ngf4 23. Qd1 a5 24. a4 Reb8 25. Nd2 Nxg2 26. Kxg2 Nf4+ 27. Kg3 Be6 28. Nxg7 Kxg7 29. f3 Bf7 30. Nc4 b6 31. Bxf4 gxf4+ 32. Kf2 Bxc4 33. dxc4 Rd8 34. Qd3 1/2-1/2

[Event "Verona Province-ch"]
[Site "Zevio Verona"]
[Date "2014.01.18"]
[Round "1"]
[White "Oppici, Gabriele"]
[Black "Menini, Luca"]
[Result "1/2-1/2"]
[WhiteElo "1977"]
[BlackElo "1689"]
[PlyCount "105"]
[EventDate "2014.01.18"]
[EventType "swiss"]
[EventRounds "6"]
[EventCountry "ITA"]
[SourceTitle "EXT 2015"]
[Source "ChessBase"]
[SourceDate "2014.11.20"]
[SourceVersion "1"]
[SourceVersionDate "2014.11.20"]
[SourceQuality "1"]

1. d4 Nf6 2. Nf3 e6 3. Bf4 c5 4. e3 d5 5. c3 Bd7 6. Bd3 Nc6 7. Nbd2 Be7 8. Ne5 cxd4 9. exd4 h6 10. Qf3 Rc8 11. g4 Nxe5 12. Bxe5 Qb6 13. Rb1 Bb5 14. Rg1 Bxd3 15. Qxd3 Bd6 16. g5 Bxe5 17. dxe5 Ne4 18. Nxe4 dxe4 19. Qxe4 hxg5 20. Rxg5 Rxh2 21. Qf3 Rxc3 22. bxc3 Qxb1+ 23. Kd2 Qb2+ 24. Kd3 Rxf2 25. Qe3 Qb5+ 26. c4 Qb1+ 27. Kd4 Qb6+ 28. Kd3 Qxe3+ 29. Kxe3 Rf5 30. Rxg7 Kf8 31. Rg2 Rxe5+ 32. Kd4 Re1 33. Kc5 Ke7 34. Rb2 b6+ 35. Kc6 Rc1 36. Rb4 f5 37. Ra4 Kf6 38. Rxa7 Rxc4+ 39. Kxb6 f4 40. Kb5 Rc1 41. Ra8 Ke5 42. a4 f3 43. Rf8 Ke4 44. a5 e5 45. a6 Ke3 46. a7 Ra1 47. a8Q Rxa8 48. Rxa8 e4 49. Kc4 f2 50. Rf8 Ke2 51. Kd4 e3 52. Rf7 Kd2 53. Rf8 1/2-1/2